Parameters and images : architecture in a crowded world /

Saved in:
Bibliographic Details
Main Author: Esher, Lionel Brett, Viscount, 1913-
Format: Book
Language:English
Published: London : Weidenfeld & Nicolson, 1970.
Subjects:
LEADER 00926cam a2200253 a 4500
001 c000297983
003 CARM
005 20090603180830.0
008 700108s1970 enk b 001 0 eng
015 |a B70-23264 
019 1 |a 68359  |5 LACONCORD2021 
020 |a 0297002066 :  |c 40/- 
035 |a (OCoLC)108245  |5 LACONCORD2021 
082 0 0 |a 711 
100 1 |a Esher, Lionel Brett,  |c Viscount,  |d 1913- 
245 1 0 |a Parameters and images :  |b architecture in a crowded world /  |c [by] Lionel Brett. 
260 |a London :  |b Weidenfeld & Nicolson,  |c 1970. 
300 |a ix, 181 p. ;  |c 22 cm. 
504 |a Bibliography: p. 171-173. 
650 0 |a Architects and community. 
650 0 |a City planning. 
852 8 |b CARM  |h A3:AD08A0  |i B11250  |p 0540137  |f BK 
999 f f |i 6791d5d2-11e6-5b3a-97ee-631c3036efc9  |s e6cbd9b4-fb28-5247-97e1-9f2487bdbfbf 
952 f f |p Can circulate  |a CAVAL  |b CAVAL  |c CAVAL  |d CARM 1 Store  |e B11250  |f A3:AD08A0  |h Other scheme  |i book  |m 0540137